Henry James
Na minha lista:
| Autor principal: | |
|---|---|
| Formato: | Livro |
| Idioma: | espanhol |
| Publicado em: |
Buenos Aires
Pleamar
1976
|
| Colecção: | Protagonistas Literarios
|
| Assuntos: | |
| Tags: |
Adicionar Tag
Sem tags, seja o primeiro a adicionar uma tag!
|
MARC
| LEADER | 00000nam a2200000 a 4500 | ||
|---|---|---|---|
| 001 | UCQ4536 | ||
| 003 | CL-VaPUC | ||
| 008 | 980904e19760000AG |||||||||||||||||spa|d | ||
| 082 | 0 | 4 | |a 813.09 |b MCE |2 21 |
| 100 | |a McElderry, Bruce R. |e autor |9 418700 | ||
| 245 | 1 | 0 | |a Henry James |
| 300 | |a 254 p | ||
| 942 | |c BK | ||
| 945 | |d 19980904 00:00:00 |a lriquelm | ||
| 260 | |a Buenos Aires |b Pleamar |c 1976 | ||
| 650 | 0 | |a Novelas estadounidenses |9 265217 | |
| 650 | 0 | |a Literatura estadounidense |9 317168 | |
| 650 | 0 | |a Crítica e interpretación |9 255042 | |
| 650 | 0 | |a Crítica literaria |9 269189 | |
| 583 | |a last modification |c 19980904 00:00:00 |k Rodrigo Vera | ||
| 490 | 0 | |a Protagonistas Literarios | |
| 999 | |c 274908 |d 274906 | ||
| 952 | |0 0 |1 0 |4 0 |6 813_090000000000000_MCE_1976 |7 0 |8 A |9 311279 |a BIBEDU |b BIBEDU |d 2019-11-20 |i 1462989 |o 813.09 MCE 1976 |p 1462989 |r 2019-11-20 |w 2019-11-20 |y BK |k LIT | ||